000 00527nam a2200157 4500
001 136108
003 ES-MaACL
005 20230906195034.0
007 t|
008 070214s1929 sp r ||||1| spa d
100 1 _aRoy Herreros, Pedro.
_9100209
245 1 0 _aPlanes escolares de la Villa y Corte
_b: trabajo presentado al concurso de 1928 del Ayuntamiento de Madrid /
_cPedro Roy Herreros.
260 _aMadrid :
_b[s.n.],
_c1929 (
_fImp. Municipal)
300 _a110 p. con láms. ;
_c27 cm.
852 _aES-MaACL
_j1824-F-4
999 _c136108
_d136108